Spring in action
Uloženo v:
| Hlavní autoři: | , |
|---|---|
| Médium: | Kniha |
| Jazyk: | angličtina |
| Vydáno: |
Greenwich
Manning Publications Co.
2008
|
| Vydání: | 2a. ed |
| Témata: | |
| Tagy: |
Přidat tag
Žádné tagy, Buďte první, kdo vytvoří štítek k tomuto záznamu!
|
MARC
| LEADER | 00000cam a2200000 a 4500 | ||
|---|---|---|---|
| 001 | UCD6914 | ||
| 003 | CL-VaPUC | ||
| 008 | 170303e20080000us |||||||||||||||||eng|d | ||
| 020 | |a 1933988134 | ||
| 082 | 0 | 4 | |a 005.276 |b WAL |2 21 |
| 100 | 0 | |a Walls, Craig |e author |9 590787 | |
| 700 | 0 | |a Breidenbach, Ryan |e author |9 590788 | |
| 245 | 1 | 0 | |a Spring in action |
| 250 | |a 2a. ed | ||
| 300 | |a 730 p | ||
| 942 | |c BK | ||
| 945 | |d 20170303 17:35:00 |a dcastane | ||
| 260 | |a Greenwich |b Manning Publications Co. |c 2008 | ||
| 650 | 0 | |a Java |9 370043 | |
| 650 | 0 | |a Lenguaje de computación |9 370041 | |
| 650 | 0 | |a Lenguajes de programación |9 259458 | |
| 650 | 0 | |a Software |9 387312 | |
| 583 | |a last modification |c 20170403 10:04:59 |k Rodrigo Vera | ||
| 999 | |c 367086 |d 367084 | ||
| 952 | |0 0 |1 0 |3 erb |4 0 |6 005_276000000000000_WAL_2008 |7 0 |8 A |9 481769 |a BIBING |b BIBING |i 5361435 |o 005.276 WAL 2008 |p 5361435 |r 2025-01-20 |w 2019-11-24 |y BK |z Catalogado en:20170303 |k CCI | ||